Leder och muskler - Statistics

General Stats
  • This quiz has been taken 13 times
    10 since last reset
  • The average score is 13 of 21
Answer Stats
Hint Answer % Correct
Slemsäck Brusa
100%
ledläpp labrum
100%
Rörlig led Synovialled
100%
Ledskiva Discus articularis / Meniscus / Meniskel
67%
Bindväv runt muskelfiber Endomysium
67%
Bindväv runt en muskel Epimysium
67%
Icke-rörlig led Fog
67%
Komponenter av rörliga leder Ledytor / Ledkapsel / Ledhåla
67%
Cleido Nyckel
67%
Bindväv runt en muskelfiberbunt Perimysium
67%
Olika typer av Parallellfibriga muskler Rak / Spolformad/ Konvergerad
67%
Dubbelvikt (rörlig led) runt senor vid hand, fot, finger och tåleder Senskida / Vagina tendinis
67%
Sena Tendo
67%
Olika typer av snedfibriga/pennata muskler Unipennat / Bipennat / Multipennat
67%
Muskelbuk Venter
67%
Atlas har 2st ... Äggleder
33%
aponeuros leder som breder ut sig
33%
Art. Talocruralis är övre Språngbensleden / Vristleden / Bristleden
33%
Atlas och Axis har en ... Pivoled / vridled
33%
bindvävsstruktur som håller ihop ett antal senor Retinaculum
33%
Artt. Intervertebrales är en Art. Zygapophyseales (Facettled-Planled mellan kotornas leduskott-condylus) / Symphysis Intervertebralis ( broskfog mellan kotkropparna-Corpus Vertabrae)
0%
No matching quizzes found
Score Distribution
Percent of People with Each Score
Percentile by Number Answered
Your Score History
You have not taken this quiz since the last reset